| 000 | nam a22 7a 4500 | ||
|---|---|---|---|
| 999 |
_c234778 _d234778 |
||
| 003 | Nust | ||
| 005 | 20170330153802.0 | ||
| 008 | 170330b xxu||||| |||| 00| 0 eng d | ||
| 020 | _a817132391x | ||
| 040 | _c0 | ||
| 050 | _a333.7 PRA | ||
| 082 | _a333.7 PRA | ||
| 100 | _aPrasad,S.N. | ||
| 245 |
_aEnvironmental Economics _cS.N.Prasad |
||
| 260 |
_aJaipur _bPointer Publishers _c2011 |
||
| 300 | _a274 p. | ||
| 500 | _aH.B | ||
| 942 |
_2ddc _cBK _k333.7 PRA |
||